|
|
|
|
| LEADER |
00000cam a2200000 7i4500 |
| 001 |
0000029118 |
| 005 |
20241126.0 |
| 008 |
210331 my # may |
| 020 |
|
|
|a 9789674812294
|
| 040 |
|
|
|a INS
|b eng
|e rda
|
| 090 |
0 |
0 |
|a P95.45
|b A23 2019
|
| 100 |
0 |
|
|a Abdullah Hassan
|c Prof. Emeritus ,
|d 1942- ,
|e author.
|
| 245 |
0 |
0 |
|a Seni BERCAKAP-CAKAP & BERBUAL-BUAL
|c ABDULLAH HASSAN, AINON MOHD
|
| 246 |
3 |
0 |
|a Seni bercakap-cakap dan berbual-bual
|
| 264 |
|
1 |
|a Batu Caves, Selangor :
|b PTS PUBLISHING HOUSE SENDIRIAN BERHAD
|c 2019
|
| 264 |
|
4 |
|c ©2019
|
| 300 |
|
|
|a xi, 372 pages ;
|c 19 cm.
|
| 336 |
|
|
|a text
|2 rdacontent
|
| 337 |
|
|
|a unmediated
|2 rdamedia
|
| 338 |
|
|
|a volume
|2 rdacarrier
|
| 504 |
|
|
|a Includes bibliographical references : pages [363]-368
|
| 650 |
|
0 |
|a Communication
|
| 650 |
|
0 |
|a Conversation
|
| 650 |
|
0 |
|a Public speaking
|
| 700 |
0 |
|
|a Ainon Muhammad ,
|d 1950- ,
|e author
|
| 999 |
|
|
|a 1000004056
|b BOOK
|c Open Shelf
|e Default branch
|